000 00463nam a2200181Ia 4500
003 GCL
008 140319s9999 xx 000 0 eng d
040 _aGCL /
_cGCL
082 0 4 _a822
_bF P
100 1 _aFAST, HOWARD
245 1 0 _aTHE PROUD AND THE FREE /
_cFAST, HOWARD
260 _a[S.N] :
_bPAULLIST VERLAG LEIPZIG ،
_c1956
300 _a280 P
650 0 4 _aENGLISH LITERATURE
650 0 4 _aLITERATURE
650 0 4 _aENGLISH FICTION
942 _2ddc
_cBK
999 _c11882
_d11882